000 00768aam a2200289 i 4500
001 768714001
003 CO-MdFUSB
005 20250823122846.0
007 ta
008 250823t1977 -us |||| |||| 00| 0 eng d
020 _a0-8307-0537-6
040 _cCO-MdFUSB
041 0 _aeng
082 0 4 _223
_a248.843
_bG3948n
100 1 _aGetz, Gene A.
_eautor
245 1 4 _aThe measure of a woman
_c/ Gene A. Getz
264 1 _bRegal Books,
_aGlendale, CA., USA :
_c[1977]
264 4 _c©1977
300 _a159 páginas
336 _atexto
_btxt
_2rdacontent
337 _2rdamedia
_asin mediación
_bn
338 _2rdacarrier
_avolumen
_bnc
563 _aRústico
650 0 _aMujeres
_xAspectos religiosos
_xCristianismo
_9326
942 _cBK
945 _aJTF-925
999 _c33631
_d33631